LIBRARY & INFORMATION CENTRE, KCAET, TAVANUR

ONLINE PUBLIC ACCESS CATALOGUE (OPAC)

History of the Maratha People (Record no. 17817)

MARC details
000 -LEADER
fixed length control field 00361nam a22001457a 4500
003 - CONTROL NUMBER IDENTIFIER
control field OSt
008 - FIXED-LENGTH DATA ELEMENTS--GENERAL INFORMATION
fixed length control field 231114b |||||||| |||| 00| 0 eng d
041 ## - LANGUAGE CODE
Language code of text/sound track or separate title eng
100 ## - MAIN ENTRY--AUTHOR NAME
Personal name Kincaid, CA
245 ## - TITLE STATEMENT
Title History of the Maratha People
260 ## - PUBLICATION, DISTRIBUTION, ETC. (IMPRINT)
Place of publication Delhi:
Name of publisher S Chand & Co,
Year of publication 1968.
300 ## - PHYSICAL DESCRIPTION
Number of Pages 294pages.
700 ## - ADDED ENTRY--PERSONAL NAME
Personal name Prasanis, Rao Bahadur D
942 ## - ADDED ENTRY ELEMENTS (KOHA)
Koha item type Books
Holdings
Withdrawn status Lost status Damaged status Home library Current library Shelving location Date acquired Cost, normal purchase price Accession Number Koha item type
Withdrawn     KAUAET Sanskrit University General Stacks 14/11/2023 30.00 12159 Books
free website counter